000 03073cam a22005894i 4500
003 PE-LiUPU
005 20250731165441.0
008 160125s2015 ck a rb 000 0 spa d
020 _a9588722918
020 _a9789588722917
035 _a(Sirsi) i9789588722917
040 _aGBVCP
_bspa
_erakwb
_cGBVCP
_dOCLCQ
_dPE-LiUPU
_erda
082 0 4 _a001.42
_bC78
_220
100 1 _aCorrea Restrepo, Juan Santiago,
_eautor.
245 1 0 _aEscritura e investigación académica :
_buna guía para la elaboración del trabajo de grado /
_cJuan Santiago Correa R., Javier H. Murillo O.
250 _a2a edición.
264 3 _aBogotá :
_bEditorial CESA, Colegio de Estudios Superiores de Administración,
_c2015.
300 _a175 páginas :
_bilustraciones ;
_c24 centímetros
336 _atext
_2rdacontent
337 _aunmediated
_2rdamedia
338 _avolume
_2rdacarrier
504 _aBibliografía : páginas 123-125.
505 0 _aIntroducción: La investigación y su propósito en la academia -- El proyecto de investigación académica -- Planeación y escritura del trabajo de grado -- El tema de investigación -- Estado del arte -- Marco teórico -- Metodología y tipos de investigación -- Escribir académicamente -- Escribir antes de escribir -- Las citas y sus referencias -- Acerca de la estructura y la puntuación -- Los diferentes documentos en una investigación y el papel del director -- El punto cero: la idea de investigación -- El anteproyecto -- El informe final -- ¿Dónde publicar? -- Respecto a la autoría de un texto.
526 _aSEG44
526 _aSEG26
526 _aP151
526 _aP150
526 _aP149
526 _aP146
526 _aP145
526 _aP126
526 _aP125
526 _aP92
526 _aP75
526 _aP74
526 _aP27
526 _aP15
541 _g0300020068;
541 _g001-003607;
650 4 _aEscritura académica
_xEstudio y enseñanza
650 4 _aInvestigación.
700 1 _aMurillo O., Javier H.,
_eautor.
910 _ajck
_bebj
_cebj
_d20160704
910 _adbm
_bncf
_cncf
_d20180709
942 _2ddc
_cBOOK
949 _a001.42 C78
_wDEWEY
_c1
_i73828
_d2016-9-26
_e2016-9-20
_lCCODEBUL1
_mBUL
_n1
_p7.55
_r0
_sY
_tBOOK
_u2016-7-4
_xEDUCACION
_0COMPRA
_o.STAFF. Posgrado
994 _aC0
_bPEPRU
596 _a1
999 _a001.42 C78
_wDEWEY
_c10345
_i73828
_d10345
_e2016-9-20
_f2021-11-4
_g5
_lCCODEBUL1
_mBUL
_n1
_p7.55
_q2
_r0
_sY
_tBOOK
_u2016-7-4
_xBIBLIOTECA
_PP14
_0COMPRA
_o.STAFF. Posgrado
999 _a001.42 C78
_wDEWEY
_c2
_i78970
_f2021-11-4
_g4
_lCCODEBUL1
_mBUL
_p22.84
_r0
_sY
_tBOOK
_u2018-7-9
_xBIBLIOTECA
_PP20
_0COMPRA
_1FCOMPRA
_o.STAFF. Colección Ciencias Humanas y Educación
999 _a001.42 C78
_wDEWEY
_c3
_i78971
_d2018-10-29
_e2018-10-25
_f2021-11-4
_g4
_lCCODEBUL1
_mBUL
_n4
_p22.84
_r0
_sY
_tBOOK
_u2018-7-9
_xBIBLIOTECA
_PP20
_0COMPRA
_1FCOMPRA
_o.STAFF. Colección Ciencias Humanas y Educación
980 _81
_gALBERTO SANCHEZ Responsable de Automatización